Physical geology / (Registro nro. 317677)

Detalles MARC
000 -ENCABEZADO
Número de control [NR] 00814aam a2200241 c 4500
005 - FECHA Y HORA DE LA ÚLTIMA TRANSACCIÓN
control field 20230810101900.0
008 - DE LONGITUD FIJA DE DATOS DE ELEMENTOS - INFORMACIÓN GENERAL
Elementos de longitud fija [NR] 200827s2019 nyua|||fr|||| 00| 0 eng d
020 ## - NUMERO INTERNACIONAL NORMALIZADO PARA LIBROS [R]
Número Internacional Normalizado del libro [NR] 97812653353228
040 ## - FUENTE DE CATALOGACION [NR]
Agencia de catalogación original [NR] CO-BoUCM
Idioma de catalogación [NR] spa
Quien Cataloga Deissy Garcia
Quien Clasifica David Moreno (modificó)
041 0# - CODIGO DE IDIOMA [R]
Código de idioma para texto/pista de sonido o título separado [R] Inglés
100 1# - ASIENTO PRINCIPAL--NOMBRE PERSONAL [NR]
Nombre personal [NR] Plummer, Charles C.
ID Autoridad 100731
245 10 - MENCION DE TITULO [NR]
Título [NR] Physical geology /
Mención de responsabilidad, etc. [NR] Charles Plummer, Diane Carlson, Lisa Hammersley
250 ## - MENCION DE EDICION [NR]
Mención de edición [NR] 17a.Ed.
260 ## - PUBLICACION, DISTRIBUCION, ETC. (PIE DE IMPRENTA) [R]
Nombre del editor, distribuidor, etc. [R] McGrawHill
Lugar de publicación, distribución, etc. [R] Nueva York
Fecha de publicación, distribución, etc. [R] 2022
300 ## - DESCRIPCION FISICA [R]
Extensión [R] 599 páginas
Otros detalles físicos [NR] ilustraciones
504 ## - NOTA DE BIBLIOGRAFIA, ETC. [R]
Nota de bibliografía, etc. [NR] Incluye referencias bibliográficas e índices
650 17 - ASIENTO SECUNDARIO DE MATERIA - TERMINO TEMATICO [R]
9 (RLIN) 16364
Término temático o nombre geográfico como elemento de entrada [NR] Geología
650 17 - ASIENTO SECUNDARIO DE MATERIA - TERMINO TEMATICO [R]
9 (RLIN) 16334
Término temático o nombre geográfico como elemento de entrada [NR] Geofísica
700 1# - ASIENTO SECUNDARIO - NOMBRE PERSONAL [R]
9 (RLIN) 100732
Nombre personal [NR] Carlson,Diane
700 1# - ASIENTO SECUNDARIO - NOMBRE PERSONAL [R]
9 (RLIN) 100733
Nombre personal [NR] Hammersley, Lisa
942 ## - ELEMENTOS DE ENTRADA AGREGADOS (KOHA)
Tipo de ítem principal el descrito en 300a Libro
Título oculto en OPAC No
Sistema de clasificación DEWEY
Tema principal Ciencias puras
Edición 16
Clasificación 551
Parte restante de la signatura top. P735p
Existencias
Fecha de último préstamo Total préstamos Total Renewals Signatura topográfica Código de barras Última vez visto Volúmen / Fascículo Ejemplar Costo de reposición Price effective from Tipo de ítem Nota pública (OPAC) Perdido Sistema de clasificación Dañado No prestable Tipo de ítem específico Suprimido Ubicación habitual Ubicación actual Localización Fecha de creación Proveedor Forma de adquisición Costo
06/07/2023 6 1 551 P735p 100166484 12/12/2025 16a.Ed. Ej.2 205767.00 11/08/2020 Libro Spot Ciencias Naturales   DEWEY     Libro   Quinta de Mutis Quinta de Mutis 3er piso 11/08/2020 156 Compra 205767.00
30/01/2025 7 4 551 P735p 100166483 12/12/2025 16a.Ed. Ej.1 205767.00 11/08/2020 Libro Spot Ciencias Naturales   DEWEY     Libro   Quinta de Mutis Quinta de Mutis 3er piso 11/08/2020 156 Compra 205767.00
17/10/2024 6   551 P735p 100171495 12/12/2025 17a.Ed. Ej.1 287856.00 09/08/2023 Libro Spot Ciencias Naturales   DEWEY     Libro   Quinta de Mutis Quinta de Mutis 3er piso 09/08/2023   Compra 287856.00